000 nam a22 a 4500
999 _c386480
_d386480
003 BLK
005 20230428151920.0
008 200828b bu ||||| |||| 00| 0 bu d
040 _aBLK
041 _aBUL
_cBUL
080 _aИзобразителни изкуства и художествени занаяти
_b73/76
_x.034.071.1(45)(092)
_z73/76.034.071.1(45)(092)
080 _aИталиански архитект, изобретател, инженер, скулптор и художник от епохата на Ренесанса
_b929 Леонардо да Винчи
_z929 Леонардо да Винчи
100 _aМиляев, Василий Евгениевич
_eПърви автор
_9432772
139 _aМиляев, Василий Евгениевич
245 1 0 _aЛеонардо да Винчи
_bОчерк
_cВ. Миляев ; Прев. М. Москов
257 _aBGR
260 _aТърново
_bКниж. Е. п. Христов
_c1895
_fТърново : скоропеч. Пано Иванов, 1895
300 _a46 с.
_b1 л. : портр.
_c25 см
380 _a7
490 _9435080
_aКолекция Редки и ценни издания
600 0 _9426493
_aВинчи, Леонардо да
650 0 _9291979
_aИзобразително изкуство, ренесансово
653 7 _9187932
_aиталиански художници
700 _aМосков, Моско
_qГруев, Моско Москов
_d1863-1947
_gПисател, преводач, културен деец
_eпрев.
_9302786
852 _aРб 895
_bРц
856 4 _qpdf
_u
_i0.00
_ldisable
856 4 _qpdf
_u
_i0.00
_ldisable
942 _cKNG
_n0
_s1
944 _aCR
_c2020-08-28
_kК.Д.
944 _aED
_c2020-09-29
_kГГГ
999 _d386480
999 _d386480
999 _d386480